00949 2200337 4500001002100000005001500021035002000036007000300056040001700059100003000076245007700106250001300183300003100196020002200227041000800249082001000257084001600267090001800283264004700301336002100348337003000369338002300399650001100422850001000433008004100443700003600484990002300520990002300543990002300566990002200589INLIS00000000000488720260516092421 a0010-0122000519ta aSBPUPADbind0 aYugha ErlanggaePengarang1 aYuk, Junjung Persatuan /cPengarang; Yugha Erlangga,Editor; Alwi Kosasih a.-cet. 6 a56 hal. :billus. ;c20 cm a978-602-6847-50-80 aind a372.2 a372.2 YUG y a301 SAI s 6-5 a.--Jakarta :bEsensi Erlangga Group,c2021 2rdacontentaTeks 2rdamediaaTanpa Perantara 2rdacarrieraVolume 4asosial aPUPAD260516 0 0 aeditor, Alwi KosasihePengarang a36.131/BR/DPK/2021 a36.129/BR/DPK/2021 a36.130/BR/DPK/2021 a36/30/BR/DPK/2021